The maritime economy of ancient Cyprus in terms of the new institutional economics /
This study considers the maritime economy of ancient Cyprus from 1450 BC to 295 BC, combining, for the first time, three distinct disciplines, that is History, Archaeology and Economic theory. The principles of New Institutional Economics are used to trace the island's institutions and their co...
المؤلف الرئيسي:
التنسيق: كتاب الكتروني
اللغة: English
منشور في:
Oxford :
Archaeopress Archaeology,
2022.
الموضوعات:
الوصول للمادة أونلاين: Login to view Source
الوسوم: إضافة وسم
رقم الطلب: HC415.2
| LEADER | 02011nam a2200421 i 4500 | ||
|---|---|---|---|
| 001 | EDZ0002765591 | ||
| 003 | StDuBDS | ||
| 005 | 20230412183247.0 | ||
| 006 | m|||||o||d|||||||| | ||
| 007 | cr ||||||||||| | ||
| 008 | 220520s2022 enkab fob 001|0|eng|d | ||
| 020 | |a 9781803272481 (PDF ebook) : |c No price | ||
| 024 | 7 | |a 10.32028/9781803272474 |2 doi | |
| 040 | |a StDuBDS |b eng |c StDuBDS |e rda |e pn | ||
| 050 | 4 | |a HC415.2 | |
| 082 | 0 | 4 | |a 330.93937 |2 23 |
| 100 | 1 | |a Parpas, Andreas P., |e author. | |
| 245 | 1 | 4 | |a The maritime economy of ancient Cyprus in terms of the new institutional economics / |c Andreas P. Parpas. |
| 264 | 1 | |a Oxford : |b Archaeopress Archaeology, |c 2022. | |
| 300 | |a 1 online resource (xii, 287 pages) : |b illustrations (black and white, and colour), maps (black and white) | ||
| 336 | |a text |2 rdacontent | ||
| 336 | |a still image |2 rdacontent | ||
| 336 | |a cartographic image |2 rdacontent | ||
| 337 | |a computer |2 rdamedia | ||
| 338 | |a online resource |2 rdacarrier | ||
| 500 | |a Also issued in print: 2022. | ||
| 504 | |a Includes bibliographical references and index. | ||
| 506 | 0 | |a Open access. | |
| 520 | 8 | |a This study considers the maritime economy of ancient Cyprus from 1450 BC to 295 BC, combining, for the first time, three distinct disciplines, that is History, Archaeology and Economic theory. The principles of New Institutional Economics are used to trace the island's institutions and their continuity and to reconstruct its maritime history. | |
| 521 | |a Specialized. | ||
| 588 | |a Description based on online resource; title from PDF title page (viewed on June 6, 2022). | ||
| 651 | 0 | |a Cyprus |x Economic conditions. | |
| 650 | 0 | |a Marine resources |z Cyprus |x History |y To 1500. | |
| 776 | 0 | 8 | |i Print version : |z 9781803272474 |
| 856 | 4 | 0 | |3 Archaeopress |u http://library.arce.org:8087/Archaeopress/Products/9781803272474 |
| 942 | |2 lcc |c EBOOK | ||
| 952 | |0 0 |1 0 |4 0 |6 HC04152 |7 1 |9 46917 |a ARCH |b ARCH |d 2023-04-12 |l 0 |o HC415.2 |r 2023-04-12 00:00:00 |w 2023-04-12 |y EBOOK | ||
| 999 | |c 52575 |d 52575 | ||
